000 00374nam a22001577a 4500
005 20160629123642.0
008 160629b xxu||||| |||| 00| 0 eng d
041 _aeng
082 _b10822
100 _aChhabra, T.N. and Rastogi, Savita
_92719
245 _aCompensation Management
260 _bSun India
300 _a22-31
650 _aManagement
_9241
942 _cBK
999 _c4655
_d4653